Work and life (Record no. 106868)

MARC details
000 -LEADER
fixed length control field 01218cam a22001935a 4500
001 - CONTROL NUMBER
control field L137664
008 - FIXED-LENGTH DATA ELEMENTS--GENERAL INFORMATION
fixed length control field 110623s2007 xxk f 000 0 eng d
035 ## - SYSTEM CONTROL NUMBER
System control number (Sirsi) u137664
041 0# - LANGUAGE CODE
Language code of text/sound track or separate title eng
110 2# - MAIN ENTRY--CORPORATE NAME
Corporate name or jurisdiction name as entry element British Chambers of Commerce
9 (RLIN) 3684
245 00 - TITLE STATEMENT
Title Work and life
Remainder of title how business is striking the right balance
Medium [electronic resource]
260 ## - PUBLICATION, DISTRIBUTION, ETC.
Date of publication, distribution, etc. 2007
520 ## - SUMMARY, ETC.
Summary, etc. Discusses extent to which flexible working is provided by employers in the UK. Reports that 89 per cent of the businesses surveyed provide their employees with some form of flexible working, 72 per cent offer part time working; 69 per cent offer variable working hours and 38 per cent offer working from home. Reports that 71 per cent of employers believe that there has been either some or a significant improvement in employee relations as a result of offering flexible working, and 58 per cent of employers reported some or a significant improvement in productivity.
590 ## - LOCAL NOTE (RLIN)
Local note KA
651 #4 - SUBJECT ADDED ENTRY--GEOGRAPHIC NAME
Geographic name England and Wales
Chronological subdivision 1543-
690 ## - LOCAL SUBJECT ADDED ENTRY--TOPICAL TERM (OCLC, RLIN)
Topical term or geographic name as entry element MANAGEMENT-BUSINESS MANAGEMENT
856 40 - ELECTRONIC LOCATION AND ACCESS
Uniform Resource Identifier <a href="https://www.britishchambers.org.uk/6798219246588916143/work_and_life_report.pdf">https://www.britishchambers.org.uk/6798219246588916143/work_and_life_report.pdf</a>
Public note View the item free of charge at www.britishchambers.org.uk
942 ## - ADDED ENTRY ELEMENTS (KOHA)
Suppress in OPAC 0
Holdings
Withdrawn status Lost status Source of classification or shelving scheme Damaged status Not for loan Home library Current library Shelving location Date acquired Total Checkouts Full call number Barcode Date last seen Copy number Price effective from Koha item type
    Dewey Decimal Classification     Virtual Virtual Online 24/04/2007   ONLINE PUBLICATION 137664-2001 06/08/2019 1 06/08/2019 Book